Random French Words - Statistics

General Stats
  • This quiz has been taken 439 times
  • The average score is 14 of 15
Answer Stats
French Word Answer % Correct
Bon Good
99%
Merci Thank you
99%
Cinq Five
98%
Bonjour Hello
98%
Maison House
98%
Homme Man
96%
Vert Green
95%
Nuit Night
95%
Aurevoir Goodbye
94%
Jeudi Thursday
91%
Voiture Car
90%
Fenetre Window
79%
Neige Snow
76%
Chanson Song
75%
Glace Ice Cream
71%
No matching quizzes found
Score Distribution
Percent of People with Each Score
Percentile by Number Answered
Your Score History
You have not taken this quiz